| 000 | 00547nam a2200169Ia 4500 | ||
|---|---|---|---|
| 008 | 090711s9999 xx 000 0 und d | ||
| 082 | _b52851 | ||
| 100 | _aदळवी सदानंद | ||
| 245 | _aवर्तुळाSया आत | ||
| 260 |
_bराजेंद्र पब्लिकेशन _c1983 |
||
| 300 | _a27 | ||
| 600 | _aदळवी सदानंद | ||
| 630 | _aवर्तुळाSया आत | ||
| 700 | _aदळवी सदानंद | ||
| 730 | _aवर्तुळाSया आत | ||
| 942 | _cBOOK | ||
| 999 |
_c329770 _d329770 |
||